header

Semiconductor nanocrystal quantum dots (Record no. 31994)

MARC details
000 -LEADER
fixed length control field 01342nam a2200349 a 4500
082 04 - DEWEY DECIMAL CLASSIFICATION NUMBER
Classification number 621.31852
245 00 - TITLE STATEMENT
Title Semiconductor nanocrystal quantum dots
260 ## - PUBLICATION, DISTRIBUTION, ETC. (IMPRINT)
Place of publication Wien ;
-- New York :
Name of publisher Springer,
Year of publication c2008.
300 ## - PHYSICAL DESCRIPTION
Number of Pages x, 372 p. :
Other physical details ill. (some col.).
650 #0 - SUBJECT ADDED ENTRY--TOPICAL TERM
Topical Term Semiconductor nanocrystals.
Topical Term Quantum dots.
700 1# - ADDED ENTRY--PERSONAL NAME
Personal name Rogach, Andrey L.
856 40 - ELECTRONIC LOCATION AND ACCESS
Uniform Resource Identifier http://site.ebrary.com/lib/rucke/Doc?id=10253640

No items available.

© 2026 Rongo University
Contact us: librarian | system librarian | Rongo university